000 00321 a2200145 4500
001 181371
020 _a
040 _cMagnum
100 _aGrossi, Esther Pillar
240 1 0 _aVanguardas pedagogicas/v.6
_lpor
245 1 0 _aVanguardas pedagogicas/v.6
362 0 _a1899
697 _aMAGNITO: PEDAGOGIA
942 _cBK
999 _c181371
_d181371